000 04212 a2200229 4500
001 4081
005 20260407155431.0
008 260407a2010 arg spa d
003 AR-UNSa-BCEJYS
040 _aAR-UNSa-BCEJYS
_bspa
_cAR-UNSa-BCEJYS
080 _a35.077.3
_xProcedimiento administrativo (licitación pública...)
245 1 0 _aProcedimiento administrativo
020 _a978-950-20-2005-1
264 1 _aBuenos Aires :
_bAbeledo Perrot
_c2010
300 _axxvii, 617 p.
_c24 cm.
505 _a1. El procedimiento administrativo como instrumento de control de la administración y garantía de los administrados - 2. Naturaleza de procedimiento administrativo e individual de los actos que lo componen.Su relación con la función administrativa - 3. Procedimineto y proceso administrativo - 4. Clasificación de los procedimientos administrativos.Procedimientos generales y procedimientos especiales.Otras clasificaciones - 5. La regulación del procedimiento administrativo.Ámbito de aplicación de las leyes de procedimiento nacional y provinciales(objetivo y subjetivo) - 6. El agotamiento de la vía administrativa - 7. Importancia de los principios generales del procedimiento administrativo.Diferencias con los principios que rigen los procesos administrativos y civil.La cuestión de la reformativo in pejus - 8. El principio de legitimidad en el procedimiento administrativo - 9. El principio de oficialidad en el procedimiento administrativo - 10. El principio de verdad material en el procedimiento administrativo - 11. El informalismo en favor del administrado - 12. El debido proceso adjetivo.La llamada teoría de la subsanación - 13. El principio de colaboración en el procedimiento administrativo - 14. E principio de gratuidad en el procedimiento administrativo - 15. Los principios de eficiecia, celeridad,economía y sencillez - 16. El expediente administrativo - 17. El órgano competente.Competencia y capacidad.Conflictos interorgánicos e interadministrativos.deberes y facultades del órgano - 18. La recusación y la excusación de los funcionarios intervinientes - 19. Las partes en el procedimiento administrativo - 20. La representación de las partes en el procedimiento administrativo - 21. Los escritos.Formalidades.Recaudos.Su funcionamiento en el procedimiento administrativo - 22. Los plazos en el procedimiento administrativo - 23. El acceso a las actuaciones administrativas.La vista en el procedimiento administrativo - 24. La publicación de los actos estatales:notificación y publicación - 25. La prueba en el procedimiento administrativo.El alegato - 26. La conclusión normal y anormal del procedimiento administrativo.La caducidad,el desistimiento y la renuncia - 27. La suspensón de los efectos del acto administrativo:Medida cautelar por excelencia del procedimiento administrativo - 28. El procedimiento administrativo en la práctica.Principales cuestiones que se plantean - 29. Lineamientos generales del sistema de impugnación en sede administrativa - 30. El recurso de reconsideración - 31. El recurso jerárquico - 32 . El recurso de alzada - 33. La denuncia de ilegitimidad - 34. El recurso de revisión - 35. Queja, aclaratoria y rectificación de errores materiales - 36. El reclamo administrativo impropio - 37. El reclamo administrativo previo - 38. El procedimiento de audiencia pública - 39. Los procedimientos de elaboración participativa de normas - 40. El procedimiento administrativo sancionador - 41. El procedimiento administrativo disciplinario - 42. El procedimiento administrativo en los entes reguladores de los servicios públicos - 43. El procedimiento administrativo ante los organismos nacionales de defensa del consumidor - 44. El procedimiento administrativo ante la AFIP - 45. El procedimiento de resolución de controversias interadministrativas - 46. El procedimiento administrativo en el ámbito provincial y de la ciudad autónoma de Buenos Aires
041 _aspa
942 _cBK
590 _aniveau_biblio:m niveau_hierar:0
100 1 _aTawil, Guido Santiago
856 4 1 _uhttps://biblioeco.unsa.edu.ar/pmb/images/libros/Procedimiento adminstrativo-l118396.jpg
_yImagen de portada
_qimage/jpeg
999 _c387
_d387